|
|
|
|
| LEADER |
01085nam a22002772a 4500 |
| 001 |
000167716 |
| 003 |
CZ BrMZK |
| 005 |
20100104063829.0 |
| 007 |
ta |
| 008 |
010907s1964 xr f cze d |
| 015 |
|
|
|a cnb000116708
|
| 035 |
|
|
|a (OCoLC)7137344
|
| 040 |
|
|
|a BOA001
|b cze
|
| 100 |
1 |
|
|a Peterka, Miroslav,
|d 1924-1990
|7 ola2002146955
|
| 245 |
1 |
0 |
|a Pražské jaro /
|c fotografie Miroslav Peterka ; text Karel Dvořák
|
| 250 |
|
|
|a 1. vyd.
|
| 260 |
|
|
|a Praha :
|b Orbis,
|c 1964
|
| 300 |
|
|
|a 176 s.
|
| 700 |
1 |
|
|a Dvořák, Karel,
|d 1911-1988
|7 jk01030155
|
| 856 |
4 |
1 |
|u http://www.digitalniknihovna.cz/mzk/uuid/uuid:10ccd550-2ce1-11e3-a5bb-005056827e52
|y Digitalizovaný dokument
|x NDK
|
| 910 |
|
|
|a BOA001
|b PK-A-0009.110
|b 1-0516.679
|
| 964 |
|
|
|a Praha - festival hudební - Pražské jaro - fotografie - sbírky
|
| 964 |
|
|
|a Praha - fotografie - sbírky
|
| 990 |
|
|
|a BK
|
| 996 |
6 |
|
|b 2619455454
|c 1-0516.679
|l MZK
|r Sklad / do 1 hodiny
|n 0
|w 000167716
|u 000020
|a 1
|e BOA001
|j MZK50
|s P
|
| 996 |
7 |
|
|b 3119943722
|c PK-A-0009.110
|l MZK
|r Sklad / do 1 hodiny
|n 6
|w 000167716
|u 000010
|a 1
|e BOA001
|j MZK50
|s A
|